书目信息 |
| 题名: |
设计基础之立体构成
|
|
| 作者: | 周冰 , 许楗 编著 | |
| 分册: | ||
| 出版信息: | 西安 陕西人民美术出版社 2005.05 |
|
| 页数: | 118页 | |
| 开本: | 20cm | |
| 丛书名: | [Dd]设计丛书 | |
| 单 册: | ||
| 中图分类: | J061 | |
| 科图分类: | ||
| 主题词: | 立体--li ti--构图(美术) | |
| 电子资源: | ||
| ISBN: | 7-5368-1885-8 | |
| 000 | 00949nam 2200265 450 | |
| 001 | 012006584558 | |
| 005 | 20080605100750.51 | |
| 010 | @a7-5368-1885-8@dCNY25.00 | |
| 100 | @a20060716d2005 km y0chiy0120 ea | |
| 101 | 0 | @achi |
| 102 | @aCN@b610000 | |
| 105 | @aa a 000yy | |
| 200 | 1 | @a设计基础之立体构成@Ashe ji ji chu zhi li ti gou cheng@f周冰, 许楗编著@Fzhou bing,xu jian bian zhu |
| 210 | @a西安@c陕西人民美术出版社@d2005.05 | |
| 215 | @a118页@c图@d20cm | |
| 225 | 2 | @a[Dd]设计丛书@A[Dd]she ji cong shu |
| 320 | @a有书目 | |
| 330 | @a本书从图形的立体结构发掘及形式组织表现方法入手,通过一系列典型的图形案例,系统全面地对立体结构进行分析、归纳和总结,使设计者掌握更多、更丰富的设计语汇,为平面设计创造良好的思维平台。 | |
| 410 | 0 | @12001 @a[Dd]设计丛书 |
| 606 | 0 | @a立体@Ali ti@x构图(美术) |
| 690 | @aJ061@v4 | |
| 701 | 0 | @a周冰@Azhou bing@4编著 |
| 701 | 0 | @a许楗@Axu jian@4编著 |
| 801 | 0 | @aCN@c20080605 |
| 905 | @dJ061@eZ752 | |
| 设计基础之立体构成/周冰, 许楗编著.-西安:陕西人民美术出版社,2005.05 |
| 118页:图;20cm.-([Dd]设计丛书) |
| ISBN 7-5368-1885-8:CNY25.00 |
| 本书从图形的立体结构发掘及形式组织表现方法入手,通过一系列典型的图形案例,系统全面地对立体结构进行分析、归纳和总结,使设计者掌握更多、更丰富的设计语汇,为平面设计创造良好的思维平台。 |
| ● |
| 相关链接 |
|
|
|
正题名:设计基础之立体构成
索取号:J061/Z752
 
预约/预借
| 序号 | 登录号 | 条形码 | 馆藏地/架位号 | 状态 | 备注 |
| 1 | 452281 | 204522819 | 社科库309/309社科库 63排4列5层/ [索取号:J061/Z752] | 在馆 | |
| 2 | 596172 | 205961725 | 社科二线400B/309社科库 63排4列1层/ [索取号:J061/Z752] | 在馆 | |
| 3 | 596173 | 205961734 | 社科库309/ [索取号:J061/Z752] | 在馆 | |
| 4 | 596174 | 205961743 | 社科库309/309社科库 63排4列5层/ [索取号:J061/Z752] | 在馆 |